| 000 | 00780cab a2200253 4500 | ||
|---|---|---|---|
| 001 | ABS58061 | ||
| 008 | 090401t1997 xxu||||| |||| 00| 0 eng d | ||
| 035 | _a(Sirsi) u82656 | ||
| 041 | _aeng | ||
| 100 | _aMorris, P. | ||
| 245 | _aFace up to the year 2000 | ||
| 260 | _c1997 | ||
| 350 | _a0 | ||
| 490 |
_aBuilding _v262(8018) 5 December 1997, 32-33(2) |
||
| 520 | _aProposes a three-step audit for dealing with the year 2000 computer `timebomb`, and the legal liability of software suppliers. | ||
| 650 | _aCOMPUTERS | ||
| 650 | _aMILLENNIUM TIMEBOMB | ||
| 650 | _aSOFTWARE | ||
| 650 | _aST ALBANS CDC V INTERNATIONAL COMPUTERS LTD | ||
| 650 | _aYEAR 2000 | ||
| 690 | _aMANAGEMENT-BUSINESS MANAGEMENT-INFORMATION MANAGEMENT | ||
| 942 | _n0 | ||
| 948 | _c15/12/1997 | ||
| 999 |
_c52201 _d52201 |
||